000 00300nam a22001337a 4500
003 SGT
020 _a97815-43344-54-7
100 _aVSMAN, RAGEEB MD
245 _aA TEXT BOOK OF PHYTO CHEMISTRY
250 _a1st
260 _aS. VIKAS
_bPUNJAB
_c2021
650 _a PHYTO CHEMISTRY
942 _2ddc
_cBK
999 _c24639
_d24639